2015 Chicago Blackhawks Roster - Statistics

General Stats
  • This quiz has been taken 867 times
  • The average score is 13 of 27
Answer Stats
Hint Answer % Correct
88 Patrick Kane
99%
19 Jonathan Toews
97%
2 Duncan Keith
93%
50 Corey Crawford
91%
7 Brent Seabrook
87%
81 Marian Hossa
85%
10 Patrick Sharp
78%
65 Andrew Shaw
71%
20 Brandon Saad
68%
29 Bryan Bickell
56%
4 Niklas Hjalmarsson
51%
33 Scott Darling
50%
27 Johnny Oduya
46%
91 Brad Richards
44%
16 Marcus Kruger
43%
86 Teuvo Teravainen
42%
80 Antoine Vermette
30%
44 Kimmo Timonen
29%
23 Kris Versteeg
29%
13 Daniel Carcillo
25%
57 Trevor Van Riemsdyk
23%
11 Andrew Desjardins
21%
31 Antti Raanta
21%
32 Michal Rozsival
17%
42 Joakim Nordstrom
12%
5 David Rundblad
10%
26 Kyle Cumiskey
3%
No matching quizzes found
Score Distribution
Percent of People with Each Score
Percentile by Number Answered
Your Score History
You have not taken this quiz